Community Health Nursing-I/ (Record no. 198155)
[ view plain ]
| 000 -LEADER | |
|---|---|
| fixed length control field | 00598nam a22001937a 4500 |
| 005 - DATE AND TIME OF LATEST TRANSACTION | |
| control field | 20231123113325.0 |
| 010 ## - LCCN (DPL NO) | |
| LC control number | ENG-138055 |
| 020 ## - INTERNATIONAL STANDARD BOOK NUMBER | |
| International Standard Book Number | 9789390427376 |
| Terms of availability | 999.00 |
| 035 ## - SYSTEM CONTROL NUMBER | |
| System control number | EN-121587 |
| 037 ## - SOURCE OF ACQUISITION | |
| Source of stock number/acquisition | DBAD/PUB |
| 082 ## - DEWEY DECIMAL CLASSIFICATION NUMBER | |
| Classification number | 610.7343 |
| 100 ## - MAIN ENTRY--PERSONAL NAME | |
| Personal name | Lakshmi, S. Bhagya |
| 245 ## - TITLE STATEMENT | |
| Title | Community Health Nursing-I/ |
| Statement of responsibility, etc | By S. Bhagya Lakshmi |
| 260 ## - PUBLICATION, DISTRIBUTION, ETC. (IMPRINT) | |
| Place of publication, distribution, etc | Andhra Pradesh |
| Name of publisher, distributor, etc | Vijayam Publications |
| Date of publication, distribution, etc | 2023 |
| 270 ## - ADDRESS | |
| Address | 14-7-13, Sambhamurty Road, Hanumanpet |
| City | Vijayawada |
| Postal code | 520003 |
| 300 ## - PHYSICAL DESCRIPTION | |
| Extent | v.p. |
| Dimensions | 28cm(pbk) |
| 700 ## - ADDED ENTRY--PERSONAL NAME | |
| Personal name | Subhash Khanna |
| 9 (RLIN) | 56652 |
| 942 ## - ADDED ENTRY ELEMENTS (KOHA) | |
| Source of classification or shelving scheme | Dewey Decimal Classification |
| Item type | English Books |
| Classification part | 617.7343 |
| Call number suffix | LAK |
| Withdrawn status | Lost status | Not for loan | Collection code | Home library | Current library | Date acquired | Source of acquisition | Cost, normal purchase price | Full call number | Barcode | Copy number | Cost, replacement price | Koha item type |
|---|---|---|---|---|---|---|---|---|---|---|---|---|---|
| Non-fiction | Bawana | Bawana | 15/09/2023 | DBAD/PUB | 999.00 | 617.7343 LAK | EN-121587 | 1 | 999.00 | English Books |
